| 000 | 01740nam0a2200301 4500 | ||
|---|---|---|---|
| 001 | RU\NLR\bibl\1515578 | ||
| 005 | 20260408193641.0 | ||
| 021 |
_aRU _b2010-29162 _91960 |
||
| 035 | _a(NLR Aleph) 001506957 | ||
| 090 |
_a56029 _c56029 |
||
| 100 | _a20100526d2010 u y0rusy50 ca | ||
| 101 | 0 | _arus | |
| 102 | _aRU | ||
| 105 | _aa ||||||||| | ||
| 200 | 1 |
_aПределы _eучебно-методическое пособие для студентов очной, заочной и дистанционной форм обучения всех специальностей _fФедер. агентство по образованию, Гос. образоват. учреждение высш. проф. образования "Юж.-Рос. гос. ун-т экономики и сервиса" (ГОУ ВПО "ЮРГУЭС" _g[сост.: к. ф.-м. н., доц. А.Б. Михайлов и др.] |
|
| 210 |
_aШахты _cГОУ ВПО "ЮРГУЭС" _d2010 |
||
| 215 |
_a28 с. _cграф. _d21 |
||
| 320 | _aБиблиогр.: с. 28 (9 назв.) | ||
| 606 |
_aПределы (мат.) _jУчебно-методические пособия для высших учебных заведений _3RU\NLR\auth\661337928 _92228931 |
||
| 686 | _aВ161.12я73-1 | ||
| 702 | 1 |
_4220 _8rus _7ca _aМихайлов _bА. Б. _cканд. физ.-мат. наук _gАндрей Борисович _3RU\NLR\auth\7738280 _921264 |
|
| 712 | 0 | 2 |
_4570 _aЮжно-Российский государственный университет экономики и сервиса _cШахты _3RU\NLR\AUTH\889918691 _9333515 |
| 801 | 0 |
_aRU _bNLR _c20100526 _gRCR |
|
| 801 | 1 |
_aRU _bNLR _c20100526 |
|
| 942 | _cBOOK | ||
| 980 | _aNB | ||
| 980 | _aNBR | ||